<?xml version="1.0" encoding="UTF-8"?>
<collection xmlns="http://www.loc.gov/MARC21/slim">
 <record>
  <leader>01354nam a22002775a 4500</leader>
  <controlfield tag="001">EUN.eunm009504</controlfield>
  <controlfield tag="008">241216s2023####sp############000#0#spa#d</controlfield>
  <controlfield tag="005">20241216124457.0</controlfield>
  <datafield tag="245" ind1="1" ind2="4">
   <subfield code="a">Las gratitudes /</subfield>
   <subfield code="c">Delphine de Vigan ; traducción de Pablo Martín Sánchez.</subfield>
  </datafield>
  <datafield tag="250" ind1=" " ind2=" ">
   <subfield code="a">14a. ed.</subfield>
  </datafield>
  <datafield tag="260" ind1=" " ind2=" ">
   <subfield code="a">Barcelona :</subfield>
   <subfield code="b">Anagrama,</subfield>
   <subfield code="c">2023.</subfield>
  </datafield>
  <datafield tag="300" ind1=" " ind2=" ">
   <subfield code="a">173 p. ;</subfield>
   <subfield code="c">22 cm.</subfield>
  </datafield>
  <datafield tag="490" ind1="1" ind2=" ">
   <subfield code="a">Panorama de narrativas ;</subfield>
   <subfield code="v">1041</subfield>
  </datafield>
  <datafield tag="500" ind1=" " ind2=" ">
   <subfield code="a">Título de la edición original: Les gratitudes .- Paris : Jean-Claude Lattès, 2019.</subfield>
  </datafield>
  <datafield tag="520" ind1="1" ind2=" ">
   <subfield code="a">&quot;Escrita con un estilo contenido, casi austero, esta narración a dos voces nos habla de la memoria, el pasado, el envejecimiento, las palabras, la bondad y la gratitud hacia aquellos que fueron importantes en nuestras vidas. Son las respectivas gratitudes las que unen a los tres inolvidables personajes cuyas historias se entrelazan en esta conmovedora y deslumbrante novela.&quot;--Contratapa.</subfield>
  </datafield>
  <datafield tag="020" ind1=" " ind2=" ">
   <subfield code="a">9788433980830</subfield>
  </datafield>
  <datafield tag="100" ind1="1" ind2=" ">
   <subfield code="a">Vigan, Delphine de,</subfield>
   <subfield code="d">1966-,</subfield>
   <subfield code="e">autor.</subfield>
   <subfield code="4">aut</subfield>
  </datafield>
  <datafield tag="240" ind1="1" ind2="0">
   <subfield code="a">Les gratitudes.</subfield>
   <subfield code="l">Español</subfield>
  </datafield>
  <datafield tag="700" ind1="1" ind2=" ">
   <subfield code="a">Sánchez, Pablo Martín,</subfield>
   <subfield code="e">traductor.</subfield>
   <subfield code="4">trl</subfield>
  </datafield>
  <datafield tag="830" ind1=" " ind2="0">
   <subfield code="a">Panorama de narrativas ;</subfield>
   <subfield code="v">1041</subfield>
  </datafield>
  <datafield tag="082" ind1="0" ind2="4">
   <subfield code="a">843.92</subfield>
   <subfield code="2">21</subfield>
  </datafield>
  <datafield tag="650" ind1=" " ind2="7">
   <subfield code="a">Literatura francesa.</subfield>
   <subfield code="2">unbist</subfield>
  </datafield>
  <datafield tag="650" ind1=" " ind2="7">
   <subfield code="a">Siglo XXI.</subfield>
   <subfield code="2">unbist</subfield>
  </datafield>
  <datafield tag="655" ind1=" " ind2="4">
   <subfield code="a">Novela.</subfield>
  </datafield>
  <datafield tag="041" ind1="1" ind2=" ">
   <subfield code="a">spa</subfield>
   <subfield code="h">fre</subfield>
  </datafield>
  <datafield tag="859" ind1=" " ind2=" ">
   <subfield code="a">AR-BaUNS</subfield>
   <subfield code="b">BIB. CENTRAL - Sector A</subfield>
   <subfield code="h">843.92</subfield>
   <subfield code="i">V68</subfield>
   <subfield code="p">128983/024</subfield>
  </datafield>
 </record>
</collection>
